100 Greatest Foreign-language Films - Statistics

General Stats
  • This quiz has been taken 154 times
  • The average score is 34 of 100
Answer Stats
# Year Director Answer % Correct
1 1954 Akira Kurosawa Seven Samurai
89%
13 1931 Fritz Lang M
86%
2 1948 Vittorio de Sica Bicycle Thieves
75%
4 1950 Akira Kurosawa Rashomon
75%
30 1957 Ingmar Bergman The Seventh Seal
72%
7 1963 Federico Fellini
71%
16 1927 Fritz Lang Metropolis
71%
11 1960 Jean-Luc Godard Breathless
69%
8 1959 François Truffaut The 400 Blows
69%
37 2001 Hayao Miyazaki Spirited Away
66%
3 1953 Yasujirô Ozu Tokyo Story
66%
6 1966 Ingmar Bergman Persona
64%
49 1979 Andrei Tarkovsky Stalker
63%
22 2006 Guillermo del Toro Pan's Labyrinth
61%
89 1957 Ingmar Bergman Wild Strawberries
61%
9 2000 Wong Kar-wai In the Mood for Love
60%
28 1982 Ingmar Bergman Fanny and Alexander
56%
29 2003 Park Chan-wook Oldboy
56%
79 1985 Akira Kurosawa Ran
55%
57 1972 Andrei Tarkovsky Solaris
55%
20 1974 Andrei Tarkovsky The Mirror
55%
40 1966 Andrei Tarkovsky Andrei Rublev
54%
24 1925 Sergei Eisenstein Battleship Potemkin
54%
10 1960 Federico Fellini La Dolce Vita
54%
72 1952 Akira Kurosawa Ikiru
46%
25 2000 Edward Yang Yi Yi
46%
32 1999 Pedro Almodóvar All About My Mother
45%
78 2000 Ang Lee Crouching Tiger, Hidden Dragon
45%
55 1962 François Truffaut Jules and Jim
45%
34 1987 Wim Wenders Wings of Desire
45%
26 1988 Giuseppe Tornatore Cinema Paradiso
44%
5 1939 Jean Renoir The Rules of the Game
44%
42 2002 Fernando Meirelles City of God
40%
23 1928 Carl Theodore Dreyer The Passion of Joan of Arc
40%
76 2001 Alfonso Cuarón Y Tu Mamá También
39%
59 1985 Elem Klimov Come and See
38%
83 1954 Federico Fellini La Strada
38%
33 1967 Jacques Tati Playtime
37%
17 1972 Werner Herzog Aguirre, the Wrath of God
36%
31 2006 Florian Henckel von Donnersmarck The Lives of Others
36%
21 2011 Asghar Farhadi A Separation
33%
45 1960 Michelangelo Antonioni L'avventura
33%
51 1964 Jacques Demy The Umbrellas of Cherbourg
33%
69 2012 Michael Haneke Amour
32%
15 1955 Satyajit Ray Pather Panchali
32%
82 2001 Jean-Pierre Jeunet Amélie
31%
56 1994 Wong Kar-wai Chungking Express
31%
14 1975 Chantal Akerman Jeanne Dielman, 23 Commerce Quay, 1080 Brussels
31%
38 1991 Edward Yang A Brighter Summer Day
30%
60 1963 Jean-Luc Godard Contempt
30%
39 1990 Abbas Kiarostami Close-Up
29%
19 1966 Gillo Pontecorvo The Battle of Algiers
29%
44 1962 Agnès Varda Cleo from 5 to 7
28%
74 1965 Jean-Luc Godard Pierrot Le Fou
28%
43 1999 Claire Denis Beau Travail
26%
50 1934 Jean Vigo L'Atalante
26%
92 1973 Ingmar Bergman Scenes from a Marriage
26%
46 1945 Marcel Carné Children of Paradise
24%
90 1959 Alain Resnais Hiroshima Mon Amour
24%
36 1937 Jean Renoir La Grande Illusion
24%
73 1929 Dziga Vertov Man With a Movie Camera
24%
97 1997 Abbas Kiarostami Taste of Cherry
24%
35 1963 Luchino Visconti The Leopard
24%
68 1953 Kenji Mizoguchi Ugetsu
24%
75 1967 Luis Buñuel Belle de Jour
23%
65 1955 Carl Theodor Dreyer Ordet
23%
84 1972 Luis Buñuel The Discreet Charm of the Bourgeoisie
23%
87 1957 Federico Fellini The Nights of Cabiria
23%
64 1993 Krzysztof Kieślowski Three Colours: Blue
23%
48 1961 Luis Buñuel Viridiana
22%
66 1973 Rainer Werner Fassbinder Ali: Fear Eats the Soul
21%
12 1993 Chen Kaige Farewell My Concubine
21%
93 1991 Zhang Yimou Raise the Red Lantern
21%
67 1962 Luis Buñuel The Exterminating Angel
21%
52 1966 Robert Bresson Au Hasard Balthazar
20%
53 1949 Yasujirô Ozu Late Spring
20%
85 1952 Vittorio de Sica Umberto D.
20%
71 1997 Wong Kar-wai Happy Together
18%
70 1962 Michelangelo Antonioni L'Eclisse
18%
86 1962 Chris Marker La Jetée
17%
77 1970 Bernardo Bertolucci The Conformist
17%
41 1994 Zhang Yimou To Live
17%
27 1973 Victor Erice The Spirit of the Beehive
16%
58 1953 Max Ophüls The Earrings of Madame de…
15%
99 1958 Andrzej Wajda Ashes and Diamonds
14%
96 1985 Claude Lanzmann Shoah
14%
61 1954 Kenji Mizoguchi Sansho the Bailiff
13%
80 1950 Luis Buñuel The Young and the Damned
11%
91 1955 Jules Dassin Rififi
10%
62 1973 Djibril Diop Mambéty Touki Bouki
10%
47 2007 Cristian Mungiu 4 Months, 3 Weeks and 2 Days
9%
18 1989 Hou Hsiao-hsien A City of Sadness
9%
54 1994 Ang Lee Eat Drink Man Woman
9%
81 1974 Jacques Rivette Celine and Julie go Boating
8%
94 1987 Abbas Kiarostami Where Is the Friend's Home?
7%
100 1988 Theo Angelopoulos Landscape in the Mist
6%
63 1948 Fei Mu Spring in a Small Town
6%
88 1939 Kenji Mizoguchi The Story of the Last Chrysanthemum
5%
95 1955 Mikio Naruse Floating Clouds
3%
98 1994 Jiang Wen In the Heat of the Sun
2%
No matching quizzes found
Score Distribution
Percent of People with Each Score
Percentile by Number Answered
Your Score History
You have not taken this quiz